000 01105nam a22002177a 4500
003 OSt
005 20201214093925.0
008 201214b 2012 dr 00| 0 eng d
020 _a9789945475302
040 _aDO-SdBNP
_bspa
_cBNPHU
100 1 _aMarcallé Abreu, Roberto,
_d1948-
_977586
245 1 0 _aConfidencias en torno al oscuro destino de la única mujer fatal :
_bcuentos reunidos /
_cRoberto Marcallé Abreu.
260 _aSanto Domingo :
_bDirección General de la Feria del Libro,
_c2012.
300 _a602 p. ;
_c23 cm.
490 1 _aCuentos reunidos (Ediciones Ferilibro)
500 _aIncluye datos biográficos del autor en la solapa de la cubierta
505 _tLas dos muertes de José Inirio --
_tEl minúsculo infierno del señor Lucas --
_tSábado de sol después de las lluvias --
_tYa no están estos tiempos para trágicos finales de historias de amor --
_tAlternativas para una existencia gris --
_tDesdicha, enfermedad y muerte cortesía del señor Marcelino Ozoria.
590 _aInventariado, 2020 /LP
830 0 _aCuentos reunidos (Ediciones Ferilibro)
_977587
942 _2ddc
_cLBS1
999 _c49278
_d49278